000 01729nam0a2200349 4500
001 RU\NLR\BIBL_A\011889733
005 20190705104147.0
021 _aRU
_bКН-П-18-6131
_9КН-П-18-084683
035 _a(NLR Aleph) 011889733
090 _a10824838
_c10824838
100 _a20181212d2018 k y0rusy50 ca
101 0 _aeng
102 _aRU
105 _aa m 000zy
200 1 _aOptimization models and methods for equilibrium traffic flow assignment in road networks
_especialization 05.13.01-"System analysis, control and information processing (in applied mathematics and control processes)"
_ethesis
_fAlexander Yurevich Krylatov
_gSaint Petersburg state university
210 _aSaint-Petersburg
_c[s.n.]
_d2018
215 _a257 с.
_cил., цв. ил.
_d21
320 _aБиблиогр.: с. 228-257 (308 назв.)
333 _aA manuscript
541 1 _aОптимизационные модели и методы задания равновесных транспортных потоков в дорожных сетях.
606 1 _aТранспортные потоки
_xУправление
_xАвтоматизация
_2nlr_sh1
_2nlr_sh2
_3RU\NLR\AUTH\661338191
606 1 _aТранспортные потоки
_xТеория
_2nlr_sh2
_3RU\NLR\AUTH\661456017
606 1 _aТранспортные сети
_xМатематическое моделирование
_2nlr_sh2
_3RU\NLR\AUTH\661597997
686 1 _aО180.3-5-05
686 1 _aО111-08-641
686 1 _aО1-01с116
700 1 _6z45790
_aKrylatov
_bA.J.
_gAleksandr Jur'evič
790 1 _6z45700
_aKrylatov
_bA.Y.
_gAlexander Yurevich
942 _cBOOK
980 _aNB